Année de sortie des films - Statistics

General Stats
  • This quiz has been taken 41 times
  • The average score is 10 of 15
Answer Stats
Hint Answer % Correct
Avatar 2009
91%
Le roi lion 1994
89%
Titanic 1997
89%
Harry Potter à l'école des sorciers 2001
86%
Pulp Fiction 1994
77%
La ligne verte 1999
74%
Fight Club 1999
74%
Shining 1980
71%
Le masque 1994
69%
Orange mécanique 1971
66%
Vol au-dessus d'un nid de coucou 1975
60%
Clueless 1995
43%
The Wall 1982
29%
Peur et dégoût à Las Vegas 1998
26%
Happy Gilmore 1996
14%
No matching quizzes found
Score Distribution
Percent of People with Each Score
Percentile by Number Answered
Your Score History
You have not taken this quiz